[Event "New York 1000 GM Winter IM-C"]
[Site "New York"]
[Date "2024.01.13"]
[Round "5"]
[White "Kovalchuk, Igor"]
[Black "Pagan, Jonathan"]
[Result "1/2-1/2"]
[WhiteElo "2030"]
[BlackElo "2018"]
[PlyCount "96"]
[EventDate "2024.01.11"]
[EventType "swiss"]
[EventRounds "9"]
[EventCountry "USA"]
[SourceTitle "CB04_2024"]
[SourceDate "2023.10.16"]
[SourceVersion "1"]
[SourceVersionDate "2023.10.16"]
[SourceQuality "1"]

1. e4 c6 2. Nc3 d5 3. d4 dxe4 4. Nxe4 Nf6 5. Nxf6+ exf6 6. c3 Bd6 7. Bd3 0-0 8. Ne2 Re8 9. Qc2 h5 10. h3 h4 11. Be3 Nd7 12. c4 Nf8 13. 0-0-0 Be6 14. Kb1 Rc8 15. Nc1 b5 16. Qe2 bxc4 17. Bxc4 Bd5 18. Bxd5 cxd5 19. Qb5 Be7 20. Rd3 Rb8 21. Qa4 Qc7 22. Rb3 Ne6 23. Rxb8 Rxb8 24. Nd3 Qb7 25. Rc1 f5 26. Rc3 f4 27. Rb3 Qc7 28. Rxb8+ Qxb8 29. Bd2 Bf6 30. Qd7 f3 31. Qxd5 fxg2 32. Qxg2 Qb5 33. Qa8+ Kh7 34. Qe4+ g6 35. Bc3 Ng5 36. Qxh4+ Kg7 37. Kc2 Qa4+ 38. b3 Qxa2+ 39. Nb2 Qa6 40. Qg4 Qf1 41. Nd3 Nxh3 42. Qf3 Ng1 43. Qe3 Qe2+ 44. Bd2 Qg4 45. Ne5 Qf5+ 46. Kb2 Qh5 47. Nd7 Nf3 48. Bc3 Qd5 1/2-1/2

[Event "New York 1000 GM Winter IM-C"]
[Site "New York"]
[Date "2024.01.12"]
[Round "2"]
[White "Pagan, Jonathan"]
[Black "Martin Del Campo C, Roberto Abel"]
[Result "0-1"]
[WhiteElo "2018"]
[BlackElo "2205"]
[PlyCount "108"]
[EventDate "2024.01.11"]
[EventType "swiss"]
[EventRounds "9"]
[EventCountry "USA"]
[SourceTitle "CB04_2024"]
[SourceDate "2023.10.16"]
[SourceVersion "1"]
[SourceVersionDate "2023.10.16"]
[SourceQuality "1"]

1. d4 Nf6 2. Bg5 c5 3. d5 Ne4 4. Bf4 Qb6 5. Bc1 g6 6. f3 Nf6 7. e4 d6 8. Ne2 Bg7 9. Nec3 0-0 10. Nd2 Na6 11. Nc4 Qd8 12. Be2 Nc7 13. a4 b6 14. 0-0 Ba6 15. Be3 Bxc4 16. Bxc4 a6 17. Qd2 Rb8 18. Be2 Rb7 19. Rab1 b5 20. b3 Re8 21. Rbd1 Qd7 22. Rfe1 Reb8 23. g4 Nfe8 24. axb5 axb5 25. h3 b4 26. Na4 Nb5 27. Bxb5 Qxb5 28. f4 Rc8 29. Bf2 Rd7 30. Qe2 Qxe2 31. Rxe2 Rb7 32. e5 Nc7 33. exd6 exd6 34. Re7 Rbb8 35. Rd7 Nb5 36. Re1 Rc7 37. Ree7 Rxd7 38. Rxd7 Kf8 39. Bh4 Bh6 40. Bf6 Bxf4 41. Nb2 h5 42. gxh5 gxh5 43. Nc4 Re8 44. Kg2 Kg8 45. Be7 Nd4 46. Bxd6 Re2+ 47. Kf1 Bxd6 48. Nxd6 Rxc2 49. Nxf7 c4 50. d6 cxb3 51. Nh6+ Kh8 52. Nf7+ Kg7 53. Ne5+ Kf6 54. Nd3 b2 0-1

[Event "Budapest SixDays 09 IM-B"]
[Site "Budapest"]
[Date "2023.09.21"]
[Round "6"]
[White "Balint, Vilmos"]
[Black "Pagan, Jonathan"]
[Result "1/2-1/2"]
[WhiteElo "2217"]
[BlackElo "2021"]
[PlyCount "56"]
[EventDate "2023.09.18"]
[EventType "tourn"]
[EventRounds "9"]
[EventCountry "HUN"]
[SourceTitle "EXT 2024"]
[Source "ChessBase"]
[SourceDate "2023.10.10"]
[SourceVersion "1"]
[SourceVersionDate "2023.10.10"]
[SourceQuality "1"]

1. e4 c6 2. d4 d5 3. e5 Bf5 4. Nf3 e6 5. Be2 c5 6. Be3 Qb6 7. Nc3 Nc6 8. 0-0 Qxb2 9. Nb5 c4 10. Rb1 Qxc2 11. Qxc2 Bxc2 12. Rb2 Bg6 13. Nc7+ Kd7 14. Nxa8 Kc8 15. Nh4 Ba3 16. Nxg6 hxg6 17. Rb5 Nge7 18. Rfb1 Kb8 19. Nc7 Kxc7 20. Rxb7+ Kc8 21. Bd1 a5 22. Ba4 Rf8 23. Bd2 Bb4 24. Bxb4 axb4 25. Rb5 Kc7 26. Rc5 Kb6 27. Rb5+ Kc7 28. Rc5 Kb6 1/2-1/2

[Event "New York qual"]
[Site "New York"]
[Date "2023.07.07"]
[Round "3"]
[White "Raparthi, Ankit"]
[Black "Pagan, Jonathan"]
[Result "1/2-1/2"]
[WhiteElo "1924"]
[BlackElo "2013"]
[PlyCount "54"]
[EventDate "2023.07.06"]
[EventType "tourn"]
[EventRounds "9"]
[EventCountry "USA"]
[SourceTitle "EXT 2024"]
[Source "ChessBase"]
[SourceDate "2023.10.10"]
[SourceVersion "1"]
[SourceVersionDate "2023.10.10"]
[SourceQuality "1"]

1. e4 e5 2. Nf3 Nf6 3. Nxe5 d6 4. Nf3 Nxe4 5. Nc3 Nxc3 6. dxc3 Be7 7. Be3 0-0 8. Qd2 Nd7 9. 0-0-0 Nf6 10. Bd3 c5 11. c4 a6 12. Kb1 Rb8 13. Bg5 b5 14. Qf4 bxc4 15. Bxc4 Be6 16. Bxe6 fxe6 17. Qe3 Qc8 18. Rhe1 e5 19. Bxf6 Rxf6 20. Nd2 Qb7 21. b3 Qxg2 22. Ne4 Rff8 23. Qg3 Qxg3 24. fxg3 Rfd8 25. c4 Kf7 26. Rd5 Rbc8 27. Red1 Ke8 1/2-1/2

[Event "New York qual"]
[Site "New York"]
[Date "2023.07.06"]
[Round "1"]
[White "Gaw, Chloe"]
[Black "Pagan, Jonathan"]
[Result "0-1"]
[WhiteElo "1864"]
[BlackElo "2013"]
[PlyCount "94"]
[EventDate "2023.07.06"]
[EventType "tourn"]
[EventRounds "9"]
[EventCountry "USA"]
[SourceTitle "EXT 2024"]
[Source "ChessBase"]
[SourceDate "2023.10.10"]
[SourceVersion "1"]
[SourceVersionDate "2023.10.10"]
[SourceQuality "1"]

1. d4 Nf6 2. c4 e6 3. Nc3 Bb4 4. e3 0-0 5. Bd3 d5 6. a3 Bxc3+ 7. bxc3 dxc4 8. Bxc4 c5 9. Ne2 Qc7 10. Bd3 Nc6 11. f4 b6 12. 0-0 Bb7 13. e4 cxd4 14. e5 Nd5 15. cxd4 Nce7 16. Bd2 Nf5 17. Bxf5 exf5 18. Rf3 Qd7 19. Rh3 Rfe8 20. Ng3 Ne7 21. Be3 Qd5 22. Qe2 Rac8 23. Nh5 Ng6 24. Rg3 Qe4 25. Qf3 Qxf3 26. gxf3 Rc3 27. Bf2 Rec8 28. Be1 Rd3 29. a4 Bd5 30. Rb1 Rxd4 31. a5 bxa5 32. Bxa5 Rdc4 33. Bd2 Rc2 34. Be3 a6 35. Rb6 R2c6 36. Rb4 Rc3 37. Bd2 Rd3 38. Rb2 h6 39. Kf2 Rd8 40. Ba5 Ra8 41. Rc2 Ra3 42. Rc5 Be6 43. Rg1 Rb8 44. Rd1 Rbb3 45. Rd8+ Kh7 46. Ra8 Rxf3+ 47. Kg2 Nh4+ 0-1

[Event "Reykjavik op"]
[Site "Reykjavik"]
[Date "2023.03.30"]
[Round "3"]
[White "Karthik, Rajaa"]
[Black "Pagan, Jonathan"]
[Result "1-0"]
[WhiteElo "2302"]
[BlackElo "2042"]
[PlyCount "103"]
[EventDate "2023.03.29"]
[EventType "swiss"]
[EventRounds "9"]
[EventCountry "ISL"]
[SourceTitle "CBM 213 Extra"]
[Source "ChessBase"]
[SourceDate "2023.05.31"]
[SourceVersion "1"]
[SourceVersionDate "2023.05.31"]
[SourceQuality "1"]

1. d4 Nf6 2. Nf3 d5 3. c3 Bf5 4. Qb3 Qc8 5. c4 e6 6. cxd5 exd5 7. Nc3 c6 8. Bf4 Be7 9. Rc1 0-0 10. h3 h6 11. e3 Rd8 12. Be2 a5 13. 0-0 Ne4 14. Na4 Nd7 15. Rfd1 f6 16. Nh4 Be6 17. Ng6 Re8 18. Nxe7+ Rxe7 19. Bd3 Qe8 20. Qc2 Nf8 21. Nc5 Nxc5 22. Qxc5 Qd7 23. b3 Ree8 24. Qc2 Bf7 25. Re1 Ne6 26. Bg3 Ng5 27. f3 Be6 28. h4 Nf7 29. Bf2 f5 30. Re2 Nd6 31. Qd2 a4 32. Bg3 axb3 33. axb3 Rf8 34. Qb4 Ne8 35. Be5 Nf6 36. Qc3 Qf7 37. Ra1 Rxa1+ 38. Qxa1 Qh5 39. Bxf6 Rxf6 40. Qa8+ Rf8 41. Qxb7 Qxh4 42. Qxc6 Qf6 43. Ra2 Rc8 44. Ra8 Rxa8 45. Qxa8+ Kf7 46. Qb7+ Kf8 47. Qb8+ Kf7 48. Qc7+ Kf8 49. b4 Qh4 50. Qc1 Qd8 51. Qc3 Qg5 52. Bc2 1-0

[Event "Reykjavik op"]
[Site "Reykjavik"]
[Date "2023.03.30"]
[Round "2"]
[White "Pagan, Jonathan"]
[Black "Spagnoli, Benjamin"]
[Result "1-0"]
[WhiteElo "2042"]
[BlackElo "1744"]
[PlyCount "93"]
[EventDate "2023.03.29"]
[EventType "swiss"]
[EventRounds "9"]
[EventCountry "ISL"]
[SourceTitle "CBM 213 Extra"]
[Source "ChessBase"]
[SourceDate "2023.05.31"]
[SourceVersion "1"]
[SourceVersionDate "2023.05.31"]
[SourceQuality "1"]

1. e4 d5 2. exd5 Nf6 3. Nf3 Nxd5 4. d4 g6 5. c4 Nb6 6. Nc3 Bg7 7. c5 Nd5 8. Bc4 c6 9. Qb3 e6 10. 0-0 0-0 11. Re1 b6 12. Bg5 Qc7 13. Qa3 bxc5 14. Qxc5 Nd7 15. Qa3 N7b6 16. Bf1 Bb7 17. Ne4 Rfe8 18. Qd3 a5 19. Qd2 Nd7 20. Rac1 N7f6 21. Nxf6+ Nxf6 22. Bf4 Qb6 23. Be5 a4 24. h4 Ra5 25. Ng5 Rd8 26. Qf4 Rxe5 27. dxe5 Rd4 28. Qg3 Rg4 29. Qe3 Qxe3 30. Rxe3 Nd5 31. Ree1 Rxh4 32. Nf3 Rg4 33. Rc4 Nf4 34. g3 Bh6 35. Kh2 c5 36. Ng1 Bd5 37. Rxa4 Nd3 38. Rxg4 Nxe1 39. Ra4 Bc1 40. b3 Bb2 41. f4 Bd4 42. Bc4 Bc6 43. Ra7 Nc2 44. Rc7 Be4 45. Ne2 Bf2 46. Nc3 Bf3 47. Be2 1-0

[Event "New York Fall NM-E"]
[Site "Long Island City"]
[Date "2022.11.12"]
[Round "2"]
[White "Pagan, Jonathan"]
[Black "Raparthi, Ankit"]
[Result "1/2-1/2"]
[WhiteElo "2045"]
[BlackElo "1888"]
[PlyCount "89"]
[EventDate "2022.11.11"]
[EventType "tourn"]
[EventRounds "5"]
[EventCountry "USA"]
[SourceTitle "CBM 211 Extra"]
[Source "ChessBase"]
[SourceDate "2023.01.31"]
[SourceVersion "1"]
[SourceVersionDate "2023.01.31"]
[SourceQuality "1"]

1. e4 c6 2. Nc3 d5 3. Nf3 dxe4 4. Nxe4 Nf6 5. Qe2 Nxe4 6. Qxe4 Nd7 7. Bc4 Nf6 8. Ne5 e6 9. Qe2 b5 10. Bd3 Bb7 11. a4 a6 12. b3 Nd5 13. Be4 Bd6 14. Bb2 Qc7 15. Nd3 0-0 16. c4 bxc4 17. bxc4 Nb4 18. c5 Nxd3+ 19. Bxd3 Bxc5 20. Bxh7+ Kxh7 21. Qh5+ Kg8 22. Qxc5 Rfd8 23. Qe5 Qxe5+ 24. Bxe5 f6 25. Bc3 c5 26. f3 Bc6 27. a5 Kf7 28. Kf2 e5 29. Rhe1 Rd5 30. h4 Rh8 31. h5 Bb5 32. g4 Bc6 33. Re3 Rh7 34. Rb1 Bb5 35. Kg3 Rh8 36. Rbe1 Re8 37. Rh1 Rh8 38. f4 exf4+ 39. Kxf4 Rg5 40. Rhe1 Re8 41. Rxe8 Bxe8 42. Rh1 Bd7 43. Rh4 Be6 44. Kf3 Bd5+ 45. Kf4 1/2-1/2

[Event "USA-chT College final"]
[Site "New York"]
[Date "2016.04.02"]
[Round "2.2"]
[White "Gorovets, Andrey"]
[Black "Pagan, Jonathan"]
[Result "1-0"]
[WhiteElo "2540"]
[BlackElo "2059"]
[PlyCount "125"]
[EventDate "2016.04.02"]
[EventType "team-tourn"]
[EventRounds "3"]
[EventCountry "USA"]
[SourceTitle "CBM 171 Extra"]
[Source "ChessBase"]
[SourceDate "2016.04.26"]
[SourceVersion "1"]
[SourceVersionDate "2016.04.26"]
[SourceQuality "1"]
[WhiteTeam "Texas Tech Univ"]
[BlackTeam "Columbia Univ"]
[WhiteTeamCountry "USA"]
[BlackTeamCountry "USA"]

1. d4 d5 2. c4 c6 3. Nf3 Nf6 4. Qb3 dxc4 5. Qxc4 Bf5 6. g3 e6 7. Bg2 Nbd7 8. 0-0 Be7 9. e3 0-0 10. Rd1 Qb6 11. Nc3 Ne4 12. Ne1 Nxc3 13. bxc3 Bg6 14. a4 Rac8 15. Nd3 Qc7 16. Nf4 Bc2 17. Rd2 Nb6 18. Qa2 Bxa4 19. c4 c5 20. d5 e5 21. Ne2 Bd6 22. Rb1 Ra8 23. Nc3 Bd7 24. e4 Rfb8 25. Rdb2 Nc8 26. Rb3 a6 27. Ra3 Ra7 28. Bf1 a5 29. Be2 b6 30. Nb5 Bxb5 31. Rxb5 Qe7 32. Be3 Rab7 33. Bg4 Qd8 34. Bxc8 Qxc8 35. Qb1 Bc7 36. Rab3 a4 37. Ra3 Ra7 38. Qc2 Rba8 39. Kg2 Qd7 40. Bd2 Qd8 41. Qd1 Qf6 42. Rb2 Qe7 43. h4 Qd7 44. Qf3 Ra6 45. h5 Bd8 46. Bc3 Qd6 47. Qf5 Bf6 48. Rb1 g6 49. Qg4 Bg7 50. Rh1 R6a7 51. Qh3 Qd7 52. Qh4 Qe7 53. Qh3 Qd7 54. g4 g5 55. h6 Bh8 56. Qf3 f6 57. Rh5 Qf7 58. Bxe5 fxe5 59. Rxg5+ Kf8 60. Rf5 Kg8 61. Rxf7 Rxf7 62. Qd1 Raf8 63. f3 1-0